[Event "GER-ch U10"]
[Site "Willingen"]
[Date "2023.05.31"]
[Round "7"]
[White "Ishcenko, Volodymyr"]
[Black "Haas, Leandro"]
[Result "1-0"]
[WhiteElo "1220"]
[BlackElo "1337"]
[PlyCount "82"]
[EventDate "2023.05.27"]
[EventType "swiss"]
[EventRounds "11"]
[EventCountry "GER"]
[SourceTitle "CBM 214 Extra"]
[Source "ChessBase"]
[SourceDate "2023.07.31"]
[SourceVersion "1"]
[SourceVersionDate "2023.07.31"]
[SourceQuality "1"]

1. e4 e6 2. d4 d5 3. exd5 exd5 4. Nf3 Nf6 5. Nc3 Bd6 6. Be2 0-0 7. Bg5 Nbd7 8. Nxd5 c6 9. Nxf6+ Nxf6 10. 0-0 h6 11. Bxf6 Qxf6 12. Re1 Bf5 13. Bd3 Bg4 14. Be2 Rad8 15. h3 Bxf3 16. Bxf3 Bc7 17. c3 c5 18. d5 b6 19. Qe2 Qf4 20. g3 Qf5 21. Kg2 Qd7 22. Qe7 Bd6 23. Qxd7 Rxd7 24. a4 Re7 25. Rxe7 Bxe7 26. a5 f5 27. axb6 axb6 28. Ra7 Re8 29. Bh5 Rd8 30. Rxe7 Rxd5 31. Bf7+ Kf8 32. Bxd5 Kxe7 33. Kf3 Kf6 34. Bc4 g5 35. g4 f4 36. Ke4 b5 37. Bxb5 Ke6 38. Bc4+ Kd6 39. Kf5 f3 40. Ke4 Kc6 41. b4 cxb4 1-0